Progress in high polymers (Record no. 15468)

000 -LEADER
fixed length control field 00529nas a2200205u 4500
001 - CONTROL NUMBER
control field 15468
003 - CONTROL NUMBER IDENTIFIER
control field BD-DhUET
008 - FIXED-LENGTH DATA ELEMENTS--GENERAL INFORMATION
fixed length control field 921205u nyu u 0 0 0eng
040 ## - CATALOGING SOURCE
Original cataloging agency DLC
Transcribing agency CarP
Modifying agency BD-DhUET
082 ## - DEWEY DECIMAL CLASSIFICATION NUMBER
Classification number 547.84
Item number PRO/1968
100 ## - MAIN ENTRY--PERSONAL NAME
Personal name Robb, J. C.
245 00 - TITLE STATEMENT
Title Progress in high polymers
250 ## - EDITION STATEMENT
Edition statement 1st ed.
260 ## - PUBLICATION, DISTRIBUTION, ETC. (IMPRINT)
Place of publication, distribution, etc. New York
Name of publisher, distributor, etc. Academic Press
Date of publication, distribution, etc. 1961
300 ## - PHYSICAL DESCRIPTION
Extent 313p.
Other physical details illus.
Dimensions 26 cm.
504 ## - BIBLIOGRAPHY, ETC. NOTE
Bibliography, etc Includes bibliographies
650 #0 - SUBJECT ADDED ENTRY--TOPICAL TERM
Topical term or geographic name as entry element Polymers,high:chemistry
700 ## - ADDED ENTRY--PERSONAL NAME
Personal name Peaker, F. W.
942 ## - ADDED ENTRY ELEMENTS (KOHA)
Koha item type General Book
Holdings
Damaged status Piece designation (barcode) Date acquired Koha full call number Source of classification or shelving scheme Location (home branch) Withdrawn status Koha item type Price effective from Copy number Sublocation or collection (holding branch) Not for loan Lost status Koha normalized classification for sorting Koha date last seen Shelving location
 404282015-03-12547.84/PRO/1968 Central Library, BUET General Book2015-03-121Central Library, BUET  547_840000000000000_PRO_19682015-03-12Circulation section
  2015-03-14547.84 PRO/1968 Central Library, BUET General Book2015-03-14 Central Library, BUET  547_840000000000000_PRO_19682015-03-14 
 83392015-03-16547.84/PRO/1968 Central Library, BUET General Book2015-03-163Central Library, BUET  547_840000000000000_PRO_19682015-03-16Circulation section